| 000 | 00935nam a22002777a 4500 | ||
|---|---|---|---|
| 001 | 7661 | ||
| 003 | FISKH | ||
| 005 | 20250730114020.0 | ||
| 008 | 250730b cb ||||| |||| 00| 0 eng d | ||
| 020 | _a033500544101 | ||
| 040 |
_aFISKH _beng _cFISKH _dFISKH |
||
| 050 | _aPZ7.K83692 B | ||
| 100 | _aKorman, Justine | ||
| 245 |
_aBig bird's new nest and other good-night stories / _cBy Justine Korman : Illustrated by Tom Cooke |
||
| 260 |
_aNew York : _bGolden Book , _c1989. |
||
| 300 |
_a18 unnumbered pages : _bcolor illustrations ; _c28 cm . |
||
| 490 | _aSesame Street: Good-Night Stories | ||
| 505 | _aJ | ||
| 520 | _aThis large Golden book features Jim Henson's Sesame Street Muppets. | ||
| 521 | 8 |
_a500
_bLexile estimate |
|
| 521 | 8 |
_aJ
_bRaz-Plus |
|
| 650 |
_aBedtime & Nap Stories _vChildren's Fiction Early Reader |
||
| 700 |
_aCooke, Tom _eIllustrator |
||
| 942 |
_2ddc _cBK _n0 |
||
| 999 |
_c7661 _d7661 |
||